000 01056cam a22001814a 4500
005 20250605164056.0
008 250528s ||||||||||||||||||||||||d
035 _a17456
040 _aGR-AtMCL
_bgre
_dGR-AtMCL
_eAACR2
245 1 _aΕπιστροφή Στ' Αστρα / Επιχειρήματα για το Ακατόρθωτο
260 _bΗριδανός,
_c1969
300 _a270
520 _aΠρόλογος, Ακολουθώντας τα Ίχνη της Ζωής, Ένας Ερασιτέχνης Ερευνητής Μιλάει, Η Εναποθηκευμένη Μνήμη της Ανθρωπότητας, Συνομηλίες στη Μόσχα, Μια Έρευνα του Παρελθόντος που Αποζημιώνει, Ανεξάντλητο Θέμα: Η Νήσος του Πάσχα, Στις Ινδίες - Για τις Γραφές, Για τις Διαστροφές των Προγόνων μας, Ευρετήριο.
700 1 _aΝτάινικεν Ερίχ Φον
_93601
942 _cBK
999 _c2872
_d2872